Les Séries de Films ! - Statistiques

Statistiques générales
  • Ce quiz a été pris 25 073 fois
  • Le résultat moyen est 12 sur 17
Statistiques - réponses
Hint Réponse % Correct
L’École des sorciers, La Chambre des secrets, Le Prisonnier d’Azkaban, La Coupe de feu, L’Ordre du phénix, Le Prince de sang-mêlé, Les Reliques de la Mort Harry Potter
100%
La Menace fantôme, L’Attaque des clones, La Revanche des Sith, L’Empire contre-attaque, Le Retour du Jedi Star Wars
98%
La Communauté de l'Anneau, les Deux Tours, le Retour du Roi Le Seigneur des Anneaux
91%
Le Défi, Begins, The Dark Knight, The Dark Knight Rises Batman
89%
La Malédiction du Black Pearl, Le Secret du coffre maudit, Jusqu'au bout du monde, La Fontaine de jouvence Pirates des Caraïbes
88%
Les Minimoys, La vengeance de Maltazard, La Guerre des deux Mondes Arthur
85%
Les Aventuriers de l'Arche perdue, Le Temple maudit, La Dernière Croisade, Le Royaume du Crâne de Cristal Indiana Jones
82%
Le Lion, la Sorcière blanche et l'Armoire magique, Le Prince Caspian, L'Odyssée du Passeur d'Aurore Le Monde de Narnia
75%
L'affrontement Final, Origins : Wolverine, Le commencement, X-Men
74%
Fascination, Tentation, Hésitation, Révélation Twilight
72%
Bons Baisers de Russie, Goldfinger, Opération Tonnerre, On ne vit que deux fois, Au service de sa majesté, les diamants sont éternels, vivre et laisser mourir... James Bond / 007
70%
Le huitième passager, Le Retour, Résurrection, Prometheus Alien
55%
Reloaded, Revolutions Matrix
53%
Piège de Cristal, 58 minutes pour vivre, une journée en enfer, retour en enfer, belle journée pour mourir Die Hard
51%
Le Jugement dernier, Le Soulèvement des machines, Renaissance Terminator
50%
La Revanche, La face cachée de la Lune Transformers
36%
Apocalypse, Extinction, Afterlife, Retribution Resident Evil
22%
Aucun quiz correspondant
Distribution des résultats
% des personnes avec chaque résultat
Percentile par nombre de réponses
Votre historique - résultats
Vous n’avez pas pris ce quiz